A Primer of Clinical Interpretation/ (Record no. 356091)
[ view plain ]
| 000 -LEADER | |
|---|---|
| fixed length control field | 00338nam a2200109Ia 4500 |
| 008 - FIXED-LENGTH DATA ELEMENTS--GENERAL INFORMATION | |
| fixed length control field | 180305s9999 xx 000 0 und d |
| 020 ## - INTERNATIONAL STANDARD BOOK NUMBER | |
| International Standard Book Number | 765703610 |
| 100 ## - MAIN ENTRY--PERSONAL NAME | |
| Personal name | Rubovits-Seitz, Philip F.D. |
| 245 ## - TITLE STATEMENT | |
| Statement of responsibility, etc | Philip F.D. Rubovits-Seitz |
| Title | A Primer of Clinical Interpretation/ |
| 260 ## - PUBLICATION, DISTRIBUTION, ETC. (IMPRINT) | |
| Place of publication, distribution, etc | USA |
| Name of publisher, distributor, etc | Jason Aronson Inc. |
| Date of publication, distribution, etc | 2002 |
| 300 ## - PHYSICAL DESCRIPTION | |
| Extent | vii, 221 Pages |
| Withdrawn status | Lost status | Source of classification or shelving scheme | Damaged status | Home library | Current library | Shelving location | Date acquired | Source of acquisition | Total Checkouts | Full call number | Barcode | Date last seen | Price effective from | Koha item type |
|---|---|---|---|---|---|---|---|---|---|---|---|---|---|---|
| Library of Congress Classification | Archives | Archives | 03/05/2018 | Donation | RC 489.157 .R835 2002 | C21324 | 05/15/2018 | 03/05/2018 | Books |